Flagi Państw Afryki - Statystyki

Ogólne statystyki
  • Ten quiz został rozwiązany 98 razy
    56 od ostatniego zresetowania
  • Średni wynik to 40 z 53
Statystyki odpowiedzi
Obrazkowy Odpowiedź % Poprawnych
Algieria
98%
Angola
93%
Demokratyczna Republika Konga
91%
Egipt
91%
Etiopia
91%
Czad
86%
Benin
84%
Maroko
84%
Niger
84%
Nigeria
84%
Ghana
81%
Gwinea
81%
Kenia
81%
Botswana
79%
Erytrea
79%
Liberia
79%
Mali
79%
Republika Południowej Afryki
79%
Togo
79%
Uganda
79%
Burkina Faso
77%
Kamerun
77%
Libia
77%
Madagaskar
77%
Sudan
77%
Burundi
74%
Malawi
74%
Mozambik
74%
Seszele
74%
Tunezja
74%
Zambia
74%
Zimbabwe
74%
Gambia
72%
Lesotho
72%
Mauretania
72%
Republika Środkowo-Afrykańska
72%
Republika Zielonego Przylądka
72%
Sudan Południowy
72%
Wybrzeże Kości Słoniowej
72%
Dżibuti
70%
Gabon
70%
Gwinea Równikowa
70%
Namibia
70%
Senegal
70%
Tanzania
70%
Komory
67%
Rwanda
67%
Eswatini
65%
Mauritius
65%
Gwinea Bissau
63%
Sierra Leone
63%
Wyspy Świętego Tomasza i Książęca
60%
Sahara Zachodnia
16%
Nie znaleziono quizów pasujących do podanych kryteriów
Rozkład punktacji
Procent ludzi z każdym wynikiem
Percentyl według liczby udzielonych odpowiedzi
Twoja historia wyników
Nie rozwiązałeś tego quizu od ostatniego zresetowania